000 00757cam a2200265 4500500
005 20260329004440.0
041 _afre
042 _adc
100 1 0 _aLacroix, Alexandre
_eauthor
245 0 0 _aLa fin du monde, vous la voulez comment ?
260 _c2020.
500 _a83
690 _aAlexandre Lacroix
690 _aCollapsologie
690 _aEffodrement
690 _aEnvironnement
690 _aGaïa
690 _aMarx
690 _aMatérialisme
690 _aPablo Servigne
690 _aSpiritualité
690 _aTim Lenton
786 0 _nPhilosophie magazine | 136 | 2 | 2020-02-01 | p. 20-21 | 1951-1787
856 4 1 _uhttps://shs.cairn.info/magazine-philosophie-magazine-2020-2-page-20?lang=fr&redirect-ssocas=7080
999 _c1833962
_d1833962